01324 a2200229 45000010006000000050017000060080041000230030015000640400040000790800040001192450171001590200018003302640033003483000024003815050413004050410008008181000026008267000029008527000026008817000032009078560155009392871420260407155557.0260407a2005 arg spa dAR-UNSa-BCEJYS aAR-UNSa-BCEJYSbspacAR-UNSa-BCEJYS a347.56xResponsabilidad profesional10aResponsabilidad de los profesionales en ciencias económicaspobligaciones de los profesionales en ciencias económicas desde las ópticas civil, comercial y penal a987-03-0627-3 1aBuenos Aires :bLa Leyc2005 axix, 459 p.c28 cm. a1. Responsabilidad civil de los profesionales en ciencias económicas - 2. Responsabilidad de los contadores independientes - 3. Responsabilidad civil de los auditores de cuentas - 4. Responsabilidad civil de síndicos societarios - 5. Responsabilidad de los profesionales en ciencias económicas, en ocasión de su desempeño como síndicos concursales - 6. Cuantificación de los daños resarcibles aspa1 aCesano, José Daniel1 aLópez Mesa, Marcelo J.1 aGambino, Stella Maris1 aMoyano Rodríguez, Mariano41uhttps://biblioeco.unsa.edu.ar/pmb/images/libros/Responsabilidad de los Profesionales en Ciencias Econ?micas-l125026.jpgyImagen de portadaqimage/jpeg